Pays du Monde avec un A en deuxième lettre - Statistiques

Statistiques générales
  • Ce quiz a été pris 982 fois
  • Le résultat moyen est 37 sur 49
Statistiques - réponses
Réponse % Correct
Canada
93%
Maroc
89%
Mali
86%
Japon
85%
Panama
84%
Kazakhstan
83%
Madagascar
83%
Mauritanie
83%
Zambie
82%
Danemark
81%
Vatican
81%
Bahamas
79%
Laos
79%
Pakistan
79%
Jamaïque
78%
Saint-Marin
78%
Cameroun
76%
Gambie
76%
Malaisie
76%
Namibie
76%
Paraguay
76%
Qatar
76%
Sainte-Lucie
76%
Tanzanie
76%
Bangladesh
75%
Bahreïn
74%
Gabon
74%
Maldives
74%
Saint-Christophe-et-Niévès
74%
Saint-Vincent-et-les Grenadines
74%
Samoa
74%
Haïti
73%
Malte
73%
Malawi
72%
Palaos
72%
Tadjikistan
72%
Barbade
71%
Cap-Vert
71%
Salvador
71%
Cambodge
70%
Pays-Bas
69%
Vanuatu
69%
Macédoine
68%
Maurice
64%
Nauru
64%
Papouasie-Nouvelle-Guinée
61%
Salomon
61%
Sao Tomé-et-Principe
61%
Marshall
56%
Aucun quiz correspondant
Distribution des résultats
% des personnes avec chaque résultat
Percentile par nombre de réponses
Votre historique - résultats
Vous n’avez pas pris ce quiz